000 00368pam a2200157a 44500
008 230515b2012 xxu||||| |||| 00| 0 eng d
020 _a9788122415488
041 _aENGLISH
082 _a0
100 _aP.S.KALSI
245 _aSOECTROSCOPY OF ORGANIC COMPUNDS
250 _a0
260 _aNEW DELHI
_bNEW AGE PVT. LTD
_c2012
300 _a631
650 _aNULL
999 _c606156
_d606156